Members of GFriend (Kpop) - Statistics

General Stats
  • This quiz has been taken 749 times
  • The average score is 5 of 6
Answer Stats
Answer % Correct
Eunha
94%
Umji
94%
Sowon
91%
Yuju
91%
Yerin
89%
ShinB
38%
No matching quizzes found
Score Distribution
Percent of People with Each Score
Percentile by Number Answered
Your Score History
You have not taken this quiz